André Cayatte
Sparad:
| Huvudupphovsman: | |
|---|---|
| Materialtyp: | Bok |
| Språk: | franska |
| Publicerad: |
París
Seghers
1969
|
| Serie: | Cinéma d'Aujourd'Hui, 57
|
| Ämnen: | |
| Taggar: |
Lägg till en tagg
Inga taggar, Lägg till första taggen!
|
MARC
| LEADER | 00000nam a2200000 a 4500 | ||
|---|---|---|---|
| 001 | UCO5775 | ||
| 003 | CL-VaPUC | ||
| 008 | 000915e19690000FR |||||||||||||||||fre|d | ||
| 082 | 0 | 4 | |a 791.4309 |b BRA |2 21 |
| 100 | 0 | |a Braucourt, Guy |e author |9 450594 | |
| 245 | 1 | 0 | |a André Cayatte |
| 300 | |a 188 p | ||
| 942 | |c BK | ||
| 945 | |d 20000915 00:00:00 |a crobeson | ||
| 260 | |a París |b Seghers |c 1969 | ||
| 600 | 0 | 7 | |a CAYATTE, ANDRE |2 CL-VaPUC |9 450595 |
| 650 | 0 | |a Actores de cine |9 356708 | |
| 650 | 7 | |a CINE FRANCES |2 CL-VaPUC |9 413098 | |
| 650 | 0 | |a Biografías |9 255210 | |
| 583 | |a last modification |c 20000915 00:00:00 |k Rodrigo Vera | ||
| 490 | 0 | |a Cinéma d'Aujourd'Hui, 57 | |
| 999 | |c 291605 |d 291603 | ||
| 952 | |0 0 |1 0 |4 0 |6 791_430900000000000_BRA_1969 |7 0 |8 A |9 341570 |a BIBART |b BIBART |d 2019-11-20 |i 1222449 |o 791.4309 BRA 1969 |p 1222449 |r 2025-03-13 |w 2019-11-20 |y BK |k ART | ||